000 00693cam a22002533a 4500
001 30199
003 PGUSA
005 20140828083643.0
008 091007s2009||||xxu|||||s|||||000 1 eng d
040 _aPGUSA
_beng
042 _adc
050 4 _aPS
100 1 _aDerleth, August William,
_d1909-1971
245 1 0 _aMcIlvaine's Star
_h[electronic resource] /
_cAugust William Derleth
260 _bProject Gutenberg,
_c2009
506 _aPublic domain in the USA.
516 _aElectronic text
653 _aShort stories
653 _aScience fiction
700 1 _aMartin, Bob
830 0 _aProject Gutenberg
_v30199
856 4 0 _uhttp://www.gutenberg.org/ebooks/30199
942 _cEB
999 _c259454
_d259454